000
00380nam a22001697a 4500
003
MPLRDC
005
20220104151519.0
008
210129b ||||| |||| 00| 0 eng d
082
_a
954.7 ZBL
100
_a
邹保罗编著
245
_a
近摄技术
_c
250
_a
初版
260
_a
_b
万里书店出版
_c
1978
300
_b
平
650
_a
942
_c
BK
_o
954.7 ZBL
999
_c
52410
_d
52400